000 01011nam a22002417a 4500
999 _c101912
_d101912
005 20181220153709.0
010 _a1617EN ENG-116932
020 _a9780198078050
_c495.00
035 _aB-651559-575
035 _aEN-100464
035 _aB-669799
037 _bPragati
_adpl
037 _bDBAD/PUB
082 _a621.382
100 _aChandra Sekar, V.
245 _aCommunication systems /
_cby V. Chandra Sekar
260 _c2015 (rp)
_aNew Delhi
_bOxford University Press
270 _aYMCA Library Building, 1, Jai Singh Road,
_bNew Delhi
_e110001.
300 _c24cm(pbk)
_axxiii,923p.
_bill.
942 _cEN
_2ddc
_h621.382
_mCHA